[Event "Paracin Amateur op"]
[Site "Paracin"]
[Date "2020.02.05"]
[Round "8"]
[White "Glisic, Tomislav"]
[Black "Kandjolas, Konstantin"]
[Result "0-1"]
[WhiteElo "1769"]
[BlackElo "1944"]
[PlyCount "76"]
[EventDate "2020.01.31"]
[EventType "swiss"]
[EventRounds "9"]
[EventCountry "SRB"]
[SourceTitle "CBM 194 Extra"]
[Source "ChessBase"]
[SourceDate "2020.03.31"]
[SourceVersion "1"]
[SourceVersionDate "2020.03.31"]
[SourceQuality "1"]

1. e4 c5 2. Nf3 e6 3. c3 d5 4. exd5 Qxd5 5. d4 Nf6 6. Nbd2 Nc6 7. Bc4 Qd8 8. Nb3 cxd4 9. Nbxd4 Nxd4 10. Qxd4 Qxd4 11. Nxd4 a6 12. Be2 e5 13. Nf3 Bd6 14. Be3 Be6 15. 0-0-0 Ke7 16. Kb1 Nd5 17. Bc1 f6 18. Rhe1 Rac8 19. Nd2 Bf5+ 20. Ka1 Bc2 21. Nc4 Bxd1 22. Nxd6 Kxd6 23. Rxd1 Ke6 24. Bg4+ f5 25. Bxf5+ Kxf5 26. Rxd5 Rhd8 27. Rxd8 Rxd8 28. Kb1 Rd1 29. Kc2 Rg1 30. g3 Rg2 31. Be3 Rxh2 32. a4 Ke4 33. b4 Kf3 34. Kd3 e4+ 35. Kd4 Rxf2 36. Bxf2 Kxf2 37. Kxe4 Kxg3 38. c4 h5 0-1

[Event "Paracin Amateur op"]
[Site "Paracin"]
[Date "2020.02.02"]
[Round "4"]
[White "Glisic, Tomislav"]
[Black "Popovic, Mladen D"]
[Result "1-0"]
[WhiteElo "1769"]
[BlackElo "1940"]
[PlyCount "27"]
[EventDate "2020.01.31"]
[EventType "swiss"]
[EventRounds "9"]
[EventCountry "SRB"]
[SourceTitle "CBM 194 Extra"]
[Source "ChessBase"]
[SourceDate "2020.03.31"]
[SourceVersion "1"]
[SourceVersionDate "2020.03.31"]
[SourceQuality "1"]

1. e4 c5 2. Nf3 Nc6 3. c3 d5 4. exd5 Qxd5 5. Na3 Bg4 6. Be2 Nf6 7. 0-0 e5 8. Re1 e4 9. Nc2 Qh5 10. h3 Bxh3 11. gxh3 Qg6+ 12. Kh1 exf3 13. Bd3+ Ne4 14. Rxe4+ 1-0

[Event "Paracin-ch"]
[Site "Paracin"]
[Date "2017.02.04"]
[Round "6"]
[White "Arandjelovic, Aleksandar Z"]
[Black "Glisic, Tomislav"]
[Result "1/2-1/2"]
[WhiteElo "2088"]
[BlackElo "1814"]
[PlyCount "68"]
[EventDate "2017.01.31"]
[EventType "swiss"]
[EventRounds "9"]
[EventCountry "SRB"]
[SourceTitle "CBM 176 Extra"]
[Source "ChessBase"]
[SourceDate "2017.03.02"]
[SourceVersion "1"]
[SourceVersionDate "2017.03.02"]
[SourceQuality "1"]

1. d4 Nf6 2. c4 c5 3. d5 d6 4. Nc3 g6 5. e4 Bg7 6. f3 0-0 7. Be3 Re8 8. Qd2 e6 9. Rd1 exd5 10. cxd5 Nbd7 11. Nh3 Ne5 12. Nf2 Nh5 13. Be2 f5 14. 0-0 Nf6 15. Bb5 Rf8 16. Nd3 Nf7 17. a4 a6 18. Bc4 fxe4 19. Nxe4 Nxe4 20. fxe4 Bg4 21. Rde1 Qh4 22. g3 Qe7 23. Qc1 Qd7 24. a5 Rae8 25. Qc2 Qc7 26. Nf4 Ne5 27. Ne6 Bxe6 28. dxe6 Nxc4 29. Rxf8+ Kxf8 30. Rf1+ Kg8 31. Qxc4 Qe7 32. Qd5 Qxe6 33. Qxb7 Qe7 34. Qd5+ Qe6 1/2-1/2

[Event "Jagodina op 7th"]
[Site "Jagodina"]
[Date "2014.03.09"]
[Round "5"]
[White "Pantic, Radosav"]
[Black "Glisic, Tomislav"]
[Result "1-0"]
[WhiteElo "1763"]
[BlackElo "1887"]
[PlyCount "106"]
[EventDate "2014.03.07"]
[EventType "swiss"]
[EventRounds "9"]
[EventCountry "SRB"]
[SourceTitle "CBM 159 Extra"]
[Source "ChessBase"]
[SourceDate "2014.04.24"]
[SourceVersion "1"]
[SourceVersionDate "2014.04.24"]
[SourceQuality "1"]

1. d4 Nf6 2. c4 c5 3. Nf3 g6 4. Nc3 cxd4 5. Nxd4 Bg7 6. e3 0-0 7. Be2 e5 8. Ndb5 Ne8 9. 0-0 a6 10. Nd6 Nxd6 11. Qxd6 Re8 12. Nd5 Bf8 13. Qc7 Nc6 14. Bd2 Rb8 15. Bc3 Kg7 16. f4 Qxc7 17. Nxc7 Re7 18. Bf3 d6 19. Nd5 Re8 20. b4 Be6 21. b5 Bxd5 22. Bxd5 Ne7 23. Bf3 Nf5 24. e4 Ne3 25. Rfc1 Rbc8 26. Be2 Kg8 27. fxe5 Nxc4 28. bxa6 bxa6 29. exd6 Bxd6 30. Bd4 Nd2 31. Bxa6 Rxc1+ 32. Rxc1 Nxe4 33. Re1 Bb4 34. Re2 Kf8 35. Bb7 Nd6 36. Rxe8+ Kxe8 37. Bc6+ Ke7 38. a4 Ba5 39. Kf2 h5 40. Bd5 Nc8 41. Bc5+ Kf6 42. Kf3 Nb6 43. Bb3 Nd7 44. Bd4+ Ke7 45. Bb2 f6 46. Ba3+ Kd8 47. Ke4 h4 48. h3 Ne5 49. Kd5 Kd7 50. Bc2 Bc3 51. Bc5 Bd2 52. Bb6 Kc8 53. Be4 Nd7 1-0

[Event "Jagodina op 7th"]
[Site "Jagodina"]
[Date "2014.03.08"]
[Round "3"]
[White "Glisic, Tomislav"]
[Black "Nesic, Vladan"]
[Result "1-0"]
[WhiteElo "1887"]
[BlackElo "1730"]
[PlyCount "49"]
[EventDate "2014.03.07"]
[EventType "swiss"]
[EventRounds "9"]
[EventCountry "SRB"]
[SourceTitle "CBM 159 Extra"]
[Source "ChessBase"]
[SourceDate "2014.04.24"]
[SourceVersion "1"]
[SourceVersionDate "2014.04.24"]
[SourceQuality "1"]

1. e4 e5 2. Nf3 Nc6 3. Bc4 Nf6 4. Ng5 d5 5. exd5 Na5 6. Bb5+ c6 7. dxc6 bxc6 8. Ba4 Bc5 9. 0-0 0-0 10. d3 h6 11. Nf3 Bg4 12. h3 Bh5 13. Nc3 Qb6 14. a3 Bd4 15. Ne4 Nxe4 16. dxe4 Rfd8 17. Qe2 Bxf3 18. Qxf3 Nc4 19. c3 Bc5 20. b4 Bf8 21. Bb3 Nd6 22. Be3 Qc7 23. Rfd1 Ne8 24. Qf5 g6 25. Qxg6+ 1-0

[Event "Paracin-ch"]
[Site "Paracin"]
[Date "2013.01.20"]
[Round "9"]
[White "Cvetanovic, Uros"]
[Black "Glisic, Tomislav"]
[Result "1-0"]
[WhiteElo "2238"]
[BlackElo "1987"]
[PlyCount "47"]
[EventDate "2013.01.11"]
[EventType "swiss"]
[EventRounds "9"]
[EventCountry "SRB"]
[SourceTitle "EXT 2019"]
[Source "ChessBase"]
[SourceDate "2018.10.10"]
[SourceVersion "1"]
[SourceVersionDate "2018.10.10"]
[SourceQuality "1"]

1. e4 e5 2. Nc3 Bc5 3. Bc4 Nf6 4. d3 Nc6 5. a3 a6 6. h3 d6 7. Nge2 Be6 8. Nd5 h6 9. 0-0 Bxd5 10. exd5 Ne7 11. d4 Ba7 12. dxe5 dxe5 13. Nc3 0-0 14. Be3 Qd6 15. Bxa7 Rxa7 16. Qf3 Raa8 17. Rad1 Rad8 18. Bb3 Ng6 19. g3 Nd7 20. Ne4 Qb6 21. d6 Nb8 22. Qf5 cxd6 23. Qxg6 Qxb3 24. Nf6+ 1-0

[Event "Paracin-ch"]
[Site "Paracin"]
[Date "2013.01.19"]
[Round "8"]
[White "Glisic, Tomislav"]
[Black "Miljkovic, Jovana"]
[Result "1-0"]
[WhiteElo "1987"]
[BlackElo "1655"]
[PlyCount "215"]
[EventDate "2013.01.11"]
[EventType "swiss"]
[EventRounds "9"]
[EventCountry "SRB"]
[SourceTitle "EXT 2019"]
[Source "ChessBase"]
[SourceDate "2018.10.10"]
[SourceVersion "1"]
[SourceVersionDate "2018.10.10"]
[SourceQuality "1"]

1. e4 c5 2. Nf3 Nc6 3. d4 cxd4 4. Nxd4 g6 5. Be3 Bg7 6. Nc3 Nf6 7. Bc4 0-0 8. 0-0 d6 9. h3 Nxe4 10. Nxe4 d5 11. Nxc6 bxc6 12. Bd3 dxe4 13. Bxe4 Qc7 14. c3 Be6 15. Qf3 Rac8 16. b3 Rfd8 17. Rac1 Bd5 18. c4 Bxe4 19. Qxe4 Rd7 20. Rfd1 Rcd8 21. Rxd7 Rxd7 22. Kf1 c5 23. g3 Bd4 24. Bf4 Qa5 25. Rc2 Qa6 26. Re2 Qb7 27. h4 f5 28. Qxb7 Rxb7 29. Re6 Kf7 30. Rc6 Rd7 31. Ke2 Rb7 32. Be3 Rd7 33. Bf4 Rb7 34. Kf3 Rd7 35. Ra6 Rb7 36. Ke2 Ke8 37. Be3 Rd7 38. Kf3 Kf7 39. Kf4 Kg7 40. Kf3 Kf7 41. h5 Kg7 42. g4 fxg4+ 43. Kxg4 Rb7 44. Rc6 Rd7 45. h6+ Kf7 46. Kf3 Kf8 47. Ke4 Kf7 48. Kf3 Kf8 49. Ke2 Kf7 50. Rc8 e6 51. Bf4 Ke7 52. Ra8 e5 53. Bg3 Ke6 54. Kf3 Kf6 55. Kg4 Ke6 56. Kg5 Rf7 57. Kg4 Kf6 58. f3 Ke6 59. Re8+ Re7 60. Rg8 Rf7 61. Bh4 Rf4+ 62. Kg3 Rf7 63. Re8+ Kd6 64. Bg5 Kc6 65. Kg4 Kb6 66. Rg8 Kc6 67. Rg7 Rd7 68. Kg3 Kd6 69. Kg2 Ke6 70. Rg8 Rf7 71. Kg3 Kd6 72. Rd8+ Ke6 73. Kg4 Rd7 74. Re8+ Kd6 75. Rf8 Kc6 76. Bf6 Kd6 77. Kg5 Be3+ 78. Kg4 Ke6 79. Bg7 Rf7 80. Re8+ Re7 81. Rh8 Rf7 82. Rxh7 Bxh6 83. Rxh6 Rxg7 84. Kg5 Kf7 85. Rh1 Rg8 86. Rd1 Ke6 87. Rd5 Rf8 88. Rxc5 Rxf3 89. Rc6+ Kd7 90. Ra6 Rg3+ 91. Kf6 e4 92. Ke5 e3 93. Rd6+ Ke7 94. Rd1 Rg2 95. Re1 e2 96. Ke4 Kd6 97. Kf3 Rh2 98. Kg3 Rh8 99. Rxe2 Rg8 100. Kg4 g5 101. Rd2+ Kc6 102. Rd5 a6 103. Rxg5 Rxg5+ 104. Kxg5 Kc5 105. Kf4 a5 106. Ke4 a4 107. Kd3 Kb4 108. Kd4 1-0